Maggior numero di Vittorie al Gran Premio d'Ungheria - Statistics

Statistiche generali
  • Questo quiz è stato fatto 5 volte
  • Il punteggio medio è 6 su 10
Statistiche sulle risposte
Numero vittorie Stagioni delle vittorie Pilota % Corretto
3 1988, 1991, 1992 Ayrton Senna
100%
8 2007, 2009, 2012, 2013, 2016, 2018, 2019, 2020 Lewis Hamilton
100%
2 2022, 2023 Max Verstappen
100%
4 1994, 1998, 2001, 2004 Michael Schumacher
100%
2 2015, 2017 Sebastian Vettel
100%
2 1996, 1997 Jacques Villeneuve
50%
2 1999, 2000 Mika Häkkinen
25%
2 1993, 1995 Damon Hill
0%
2 2006, 2011 Jenson Button
0%
2 1986, 1987 Nelson Piquet
0%
Nessun quiz corrispondente trovato
Distribuzione punteggi
Percentuale di utenti per punteggio
Percentile per numero di risposta
I tuoi punteggi nel tempo
Non hai fatto questo quiz